000 00386 a2200169 4500
001 175293
020 _a978-85-08-10625-7
040 _cMagnum
100 _aVesentini, José William
240 1 0 _aBrasil: sociedade e espaço
_lpor
245 1 0 _aBrasil: sociedade e espaço
300 _a408
362 0 _a2008
440 1 _aÁtica
697 _aGEOGRAFIA DO BRASIL
942 _cBK
999 _c175293
_d175293